Normal view
MARC view
Entry Topical Term
001 - CONTROL NUMBER
- control field: 18632
003 - CONTROL NUMBER IDENTIFIER
- control field: OSt
005 - DATE AND TIME OF LATEST TRANSACTION
- control field: 20201014165014.0
008 - FIXED-LENGTH DATA ELEMENTS
- fixed length control field: 201014|| aca||aabn | a|a d
040 ## - CATALOGING SOURCE
- Original cataloging agency: OSt
- Transcribing agency: OSt
150 ## - HEADING--TOPICAL TERM
- Topical term or geographic name entry element: Economic Development, Transportation, Housing Supply and Markets
670 ## - SOURCE DATA FOUND
- Source citation: Work cat.: (OSt): Ambrus, Attila, Field, Erica and Gonzalez Robert 18631, Loss in the Time of Cholera: Long-Run Impact of a Disease Epidemic on the Urban Landscape
